| 000 | 00747nab a2200229 u 4500 | ||
|---|---|---|---|
| 001 | 10376 | ||
| 003 | HDC | ||
| 007 | cr bn ---aaaaa | ||
| 008 | 210104c mydr|noo 0 a may d | ||
| 040 | _aHDC | ||
| 245 | 0 | _aKosher vs Halal is a Battle for the Soul of our Supermarkets | |
| 260 |
_a[No place] : _bBreit Bart, _c[No year] |
||
| 336 |
_atext _2rdacontent |
||
| 337 |
_acomputer _2rdamedia |
||
| 338 |
_aonline resource _2rdacarrier |
||
| 650 |
_aHalal food _950 |
||
| 650 |
_aHalal industry _9144 |
||
| 856 | _zRequest full-text at [email protected] | ||
| 942 | _2lcc | ||
| 942 | _cNEWS | ||
| 942 | _kNWSO 000484 | ||
| 999 |
_c7699 _d7699 |
||